000 01076nam a22002417a 4500
999 _c21976
_d21976
003 AR-CdUCM
008 190425b ||||| |||| 00| 0 spa d
040 _aMUNICIPALIDAD PROVINCIAL DEL CUSCO
_cBIBLIOTECA MUNICIPAL DEL CUSCO
082 _aRev.Edu/N°4/1959
110 _aUniversidad Nacional de San Antonio Abad del Cusco
_915942
245 _aRevista Educación /
_cÓrgano de la Facultad de Educación
260 _aCusco.
_bGarcilaso,
_c1959.
300 _a 208 páginas. :
_c21 cm.
440 _aRevista Educación.
_nNúmero 4, año 1959
_947036
505 _aContenido: Problemas fundamentales de la educación nacional. Carlos Cueto. -- Historia de la Filosofía Moderna. Álvaro Mendoza Diez. -- Servicio de orientación del educando. Segundo Villasante Ortiz. -- Organización del Colegio nocturno Fortunato L. Herrera.
650 _aEducacion
_9460
650 _aFilosofía de la Educación
_947037
650 _aPedagogía
_91560
700 _aVillasante Ortiz, Segundo
_927858
700 _aMendoza Diez, Álvaro
_91540
942 _2ddc
_cPP
945 _avhl